Tate McRae’s TOP 20 songs - Statistiques

Statistiques générales
  • Ce quiz a été pris 45 fois
    10 depuis la dernière actualisation
  • Le résultat moyen est 10 sur 20
Statistiques - réponses
Nb Songs Feat Stream % Correct
4 10:35 Ft. Tiësto 818,873,846
83%
1 greedy 2,213,978,303
83%
9 It’s ok I’m ok 547,536,119
83%
3 Sports car 802,752,401
83%
19 2 hands 228,794,127
67%
11 Revolving door 493,285,916
67%
10 run for the hills 500,593,513
67%
12 What I Want Ft. Morgan Wallen 392,982,983
67%
13 You Ft. Regard and Troye Sivan 384,696,675
67%
2 you broke me first 1,981,965,171
67%
6 she’s all i wanna be 724,344,718
50%
18 Siren sounds 237,985,429
50%
16 TIT FOR TAT 280,605,049
50%
5 exes 802,097,840
33%
15 feel like shit 294,454,914
33%
8 Just Keep Watching 602,113,783
33%
7 that way 643,881,901
33%
14 One Day 350,365,965
0%
17 stupid 268,684,314
0%
20 Teenage Mind 221,390,846
0%
Aucun quiz correspondant
Distribution des résultats
% des personnes avec chaque résultat
Percentile par nombre de réponses
Votre historique - résultats
Vous n’avez pas pris ce quiz depuis la dernière actualisation